<?xml version="1.0" encoding="UTF-8"?>
<record
    xmlns:xsi="http://www.w3.org/2001/XMLSchema-instance"
    xsi:schemaLocation="http://www.loc.gov/MARC21/slim http://www.loc.gov/standards/marcxml/schema/MARC21slim.xsd"
    xmlns="http://www.loc.gov/MARC21/slim">

  <leader>01844    a2200193   4500</leader>
  <controlfield tag="001">27184</controlfield>
  <controlfield tag="005">20260407155548.0</controlfield>
  <controlfield tag="008">260407a1962    arg                 spa d</controlfield>
  <controlfield tag="003">AR-UNSa-BCEJYS</controlfield>
  <datafield tag="040" ind1=" " ind2=" ">
    <subfield code="a">AR-UNSa-BCEJYS</subfield>
    <subfield code="b">spa</subfield>
    <subfield code="c">AR-UNSa-BCEJYS</subfield>
  </datafield>
  <datafield tag="080" ind1=" " ind2=" ">
    <subfield code="a">347.736</subfield>
    <subfield code="x">Quiebra. Insolvencia. Suspensi&#xF3;n de pagos. Bancarrota, procedimientos. Derecho Concursal</subfield>
  </datafield>
  <datafield tag="245" ind1="1" ind2="0">
    <subfield code="a">Ley de quiebras</subfield>
    <subfield code="p">comentada y anotada y leyes complementarias</subfield>
  </datafield>
  <datafield tag="264" ind1=" " ind2="1">
    <subfield code="a">Buenos Aires :</subfield>
    <subfield code="b">Bibliogr&#xE1;fica Argentina</subfield>
    <subfield code="c">1962</subfield>
  </datafield>
  <datafield tag="300" ind1=" " ind2=" ">
    <subfield code="a">484 p.</subfield>
    <subfield code="c">23 cm.</subfield>
  </datafield>
  <datafield tag="505" ind1=" " ind2=" ">
    <subfield code="a">1. De las quiebras - 2. Del concordato preventivo - 3. Apertura del juicio de convocaci&#xF3;n de acreedores - 4. Efectos de la admisi&#xF3;n del recurso - 5. De la presentaci&#xF3;n de creditos, su verificaci&#xF3;n y preferencias - 6. De la celebraci&#xF3;n del concordato - 7. Efectos del concordato -  8. De la declaraci&#xF3;n de quiebra - 9. De la revocaci&#xF3;n y nulidad del auto de quiebra -  10. De las medidas consiguientes a la declaraci&#xF3;n de quiebra y a la liquidaci&#xF3;n sin declaraci&#xF3;n de quiebra - 11. De los incidentes en el juicio de quiebra - 12. Clausura de los procedimientos de quiebra - 13. De los funcionarios y empleados de la quiebra, su nombramiento y remoci&#xF3;n - 14. De los honorarios de los funcionarios y empleados de la quiebra - 15. Efectos jur&#xED;dicos de la declaraci&#xF3; de quiebra - 16. Diferentes clases de creditos y su graduaci&#xF3;n - 17. De la reivindicaci&#xF3;n - 18. De la liquidaci&#xF3;n y distribuci&#xF3;n - 19. De las medidas relativas al fallido en caso de culpa o fraude - 20. De las medidas relativas al deudor concordatario - 21. De la rehabilitaci&#xF3;n - 22. Disposiciones especiales para las sociedades - 23. De las peque&#xF1;as quiebras - 24. Notificaciones. Citaciones. Terminos y plazos en laley 11.719.</subfield>
  </datafield>
  <datafield tag="942" ind1=" " ind2=" ">
    <subfield code="c">BK</subfield>
  </datafield>
  <datafield tag="590" ind1=" " ind2=" ">
    <subfield code="a">niveau_biblio:m niveau_hierar:0</subfield>
  </datafield>
  <datafield tag="100" ind1="1" ind2=" ">
    <subfield code="a">Sajon, Jaime V.</subfield>
  </datafield>
  <datafield tag="999" ind1=" " ind2=" ">
    <subfield code="c">1563</subfield>
    <subfield code="d">1563</subfield>
  </datafield>
  <datafield tag="952" ind1=" " ind2=" ">
    <subfield code="0">0</subfield>
    <subfield code="1">0</subfield>
    <subfield code="4">0</subfield>
    <subfield code="7">0</subfield>
    <subfield code="a">BCEJYS</subfield>
    <subfield code="b">BCEJYS</subfield>
    <subfield code="c">16</subfield>
    <subfield code="d">2026-04-07</subfield>
    <subfield code="l">0</subfield>
    <subfield code="o">347.736 S111q</subfield>
    <subfield code="p">L22163</subfield>
    <subfield code="r">2026-04-07 15:55:48</subfield>
    <subfield code="w">2026-04-07</subfield>
    <subfield code="y">L</subfield>
  </datafield>
</record>
